| 000 | 00699nam a2200229Ia 4500 | ||
|---|---|---|---|
| 008 | 170203s9999 xx 000 0 und d | ||
| 020 | _a9781609910143 | ||
| 050 | _a0 30 | ||
| 050 | _bS612 2012 | ||
| 100 | _aTibballs, Geoff. | ||
| 245 | _aRipley's believe it or not! : | ||
| 245 | _bsimply shocking! / | ||
| 245 | _ctext, Geoff Tibballs ; interviews, Jo Wiltshire. | ||
| 260 | _aOrlando, Fla. : | ||
| 260 | _bRipley Pub. | ||
| 260 | _c2012 | ||
| 300 | _a384 pages : | ||
| 300 | _billustrations (some color) ; | ||
| 300 | _c23 cm. | ||
| 500 | _a"First published in Great Britain in 2012 by Random House Books ... London"--Title page verso. | ||
| 650 | _aCuriosities and wonders. | ||
| 999 |
_c305970 _d305970 |
||